Responses for Show #7466 - Monday, February 13, 2017

2017 College Championship quarterfinal game 1.

Contestants

[<< previous game]

Netanel Paley, a senior at Yeshiva University from Teaneck, New Jersey

Esteban Fernandez, a freshman at San Francisco State University from Coronado, California

Lilly Chin, a senior at MIT from Decatur, Georgia

[next game >>]

Jeopardy! Round responses

BASKETS OF ADORABLES
CELEBRITY SIBLING SURNAMES
IN OLDEN TIMES
MULTIPLE MEANINGS
LANGUAGES
SEEING RED
    $200 30
duckling

Lilly
    $200 28
Williams

Esteban
    $200 21
the Dead Sea Scrolls

Netanel
    $200 23
sentence

Lilly
    $200 4
Arabic

Lilly
    $200 29
ruby

Lilly
    $400 22
China

Netanel
    $400 27
Hemsworth

Esteban
    $400 17
Dublin

Netanel
    $400 20
mold

Netanel
    $400 7
(Netanel: What is... Spanish?)

Portuguese

LillyNetanel
    $400 14
scarlet

Lilly
    $600 8
hedgehogs

Netanel
    $600 24
Deschanel

Esteban
    $600 1
Acropolis

Lilly
    $600 12
stable

Netanel
    $600 9
(Lilly: What is Oklahoma?)

Idaho

LillyNetanel
    $600 3
blood

Netanel
    $800 5
a three-toed sloth

Lilly
    $800 26
Osbourne

Triple Stumper
    $1,200 11
1066

Lilly
    $800 13
a crane

Lilly
    $800 2
Mandarin

Lilly
    $800 19
fire truck red (or fire engine)

Netanel
    $1000 15
tortoiseshell

Lilly
    $1000 25
Wahlberg

Esteban
    $1000 6
(Netanel: Who is Justinian?)

Constantine

EstebanNetanel
    $1000 18
slug

Esteban
    $1000 10
Danish

Lilly
    $1000 16
a candy apple (red)

Netanel

Scores at the first commercial break (after clue 15):

Lilly Esteban Netanel
$6,600 $1,000 $1,000

Scores at the end of the Jeopardy! Round:

Lilly Esteban Netanel
$7,200 $4,200 $4,200

Double Jeopardy! Round responses

FACTS ON FEBRUARY
BODIES OF WATER
SEMILITERATE BEFORE & AFTER
A "B"-PLUS STUDENT
BROADWAY MUSICALS
REMEMBER 2016?
(Alex: It wasn't that long ago.)
    $400 30
being born on February 29th

Lilly
    $400 2
the Caribbean

Lilly
    $400 19
tug-of-War and Peace

Lilly
    $400 28
a blueprint

Esteban
    $400 29
Hamilton

Lilly
    $400 1
[Esteban selected the first clue.]

a VCR

Netanel
    $800 16
Phil

Lilly
    $800 6
Vietnam

Lilly
    $800 20
Call of the Wild card

Lilly
    $800 26
burrow

Esteban
    $800 27
Cats

Esteban
    $800 13
Kellyanne Conway

Netanel
    $1200 5
(Lilly: What is the Julian calendar?)

the Gregorian calendar

LillyEsteban
    $3,000 12
Lake Huron

Netanel
    $1200 21
Iron Man of La Mancha

Lilly
    $1200 3
bystander

Lilly
    $1200 8
Spider-Man

Lilly
    $1200 10
the Dakota Pipeline

Lilly
    $1600 25
the primrose path

Triple Stumper
    $1600 11
the Rhône

Netanel
    $1600 4
the home of the Brave New World

Triple Stumper
    $1600 7
blinders

Lilly
    $1600 18
The Book of Mormon

Lilly
    $1600 14
Myanmar

Netanel
    $2000 24
Anglo-Saxons

Netanel
    $2000 9
the Sea of Japan

Triple Stumper
    $2000 22
(Esteban: [No response])

Alfred the Great Gatsby

Esteban
Triple Stumper
    $2,000 17
Byzantine

Lilly
    $2000 23
Hedwig and the Angry Inch

Esteban
    $2000 15
Peter Thiel

Netanel

Scores at the end of the Double Jeopardy! Round:

Lilly Esteban Netanel
$20,000 $7,400 $15,600

Final Jeopardy! Round responses

BOOKS OF THE BIBLE
(Alex: If you knew that he was speaking to Moses, it might lead you in an incorrect direction.)
EstebanWhat is Exodus
$7,400
NetanelWhat is Numbers?
$2,400
LillyWhat is Numbers
$4,399
Numbers

Final scores:

Lilly Esteban Netanel
$24,399 $0 $18,000
Automatic semifinalist 3rd place: $5,000 if eliminated 2nd place: $5,000 if eliminated

Game dynamics:

Coryat scores:

Lilly Esteban Netanel
$19,600 $7,400 $13,800
27 R
(including 2 DDs),
2 W
11 R,
1 W
17 R
(including 1 DD),
2 W

Combined Coryat: $40,800

[game clues] [game scores] [suggest correction]

Game tape date: 2017-01-10
The J! Archive is created by fans, for fans. Scraping, republication, monetization, and malicious use prohibited; this site may use cookies and collect identifying information. See terms. The Jeopardy! game show and all elements thereof, including but not limited to copyright and trademark thereto, are the property of Jeopardy Productions, Inc. and are protected under law. This website is not affiliated with, sponsored by, or operated by Jeopardy Productions, Inc. Join the discussion at JBoard.tv.